[Event "30. Staufer-Open (B)"]
[Site "?"]
[Date "2018.01.03"]
[Round "3"]
[White "Petrashov, Alexander"]
[Black "Reindl, Knut"]
[Result "1/2-1/2"]
[WhiteElo "1992"]
[BlackElo "1814"]
[PlyCount "109"]
[EventDate "2018.??.??"]
[WhiteTeam "SC Noris-Tarrasch Nürnberg 1873"]
[BlackTeam "SG Schwäbisch Gmünd 1872 e.V"]

1. d4 Nf6 2. Nf3 e6 3. c4 b6 4. e3 Bb7 5. Bd3 Bb4+ 6. Bd2 Bxd2+ 7. Nbxd2 d6 8.
O-O Nbd7 9. Qc2 O-O 10. e4 e5 11. d5 a5 12. b3 Nh5 13. Rfd1 Nf4 14. Bf1 Bc8 15.
g3 Ng6 16. Bh3 Nc5 17. Bxc8 Qxc8 18. a3 f5 19. exf5 Qxf5 20. Qxf5 Rxf5 21. b4
Nd7 22. Ne1 Ne7 23. Nc2 Rff8 24. Ne3 Nf5 25. Kg2 g6 26. Ne4 h6 27. c5 Nxe3+ 28.
fxe3 axb4 29. axb4 bxc5 30. bxc5 Nxc5 31. Nxc5 dxc5 32. Rdc1 Rab8 33. Rxc5 Rb2+
34. Kh3 Rff2 35. Rxc7 Rxh2+ 36. Kg4 Rb4+ 37. e4 Rf2 38. Re1 Rb3 39. Rec1 Re3
40. R1c4 Rf7 41. Rc8+ Kg7 42. Re8 h5+ 43. Kh4 Re1 44. d6 Kf6 45. Kh3 Rd1 46.
Rd8 Ke6 47. Rc7 Rd4 48. Re8+ Kf6 49. Rxe5 Kxe5 50. Rxf7 Rxd6 51. Re7+ Kf6 52.
Re8 Kf7 53. Re5 Kf6 54. Re8 Kf7 55. Re5 1/2-1/2

[Event "30. Staufer-Open (B)"]
[Site "?"]
[Date "2018.01.03"]
[Round "3"]
[White "Adler, Alexander"]
[Black "Ries, Florian"]
[Result "0-1"]
[WhiteElo "1801"]
[BlackElo "1952"]
[PlyCount "48"]
[EventDate "2018.??.??"]
[WhiteTeam "SC Grunbach"]
[BlackTeam "SK Dinkelsbühl e.V."]

1. c4 e5 2. g3 d6 3. Bg2 g6 4. d3 Bg7 5. Nf3 Ne7 6. O-O O-O 7. Nc3 c5 8. Qc2
Nbc6 9. a3 Bg4 10. e3 Qd7 11. Bd2 Bh3 12. Rab1 Bxg2 13. Kxg2 Rfc8 14. Rfd1 d5
15. cxd5 Nxd5 16. Be1 Nce7 17. Qe2 Rc6 18. d4 exd4 19. exd4 Qg4 20. Nxd5 Nxd5
21. Kh1 Re6 22. Qd3 c4 23. Ne5 Bxe5 24. Qxc4 Qe4+ 0-1

[Event "30. Staufer-Open (B)"]
[Site "?"]
[Date "2018.01.03"]
[Round "3"]
[White "Neuber, Pascal"]
[Black "Velichko, Tatiana"]
[Result "1-0"]
[WhiteElo "1654"]
[BlackElo "1905"]
[PlyCount "65"]
[EventDate "2018.??.??"]
[WhiteTeam "Schachgemeinschaft 2011 Sennewit"]

1. e4 e5 2. Nf3 Nc6 3. Bc4 Nf6 4. Ng5 d5 5. exd5 Na5 6. Bb5+ c6 7. dxc6 bxc6 8.
Qf3 Bb7 9. Ba4 Be7 10. O-O O-O 11. d3 h6 12. Ne4 Nd5 13. Bd2 c5 14. Qe2 Nc6 15.
Bxc6 Bxc6 16. Nbc3 f5 17. Ng3 Bd6 18. Qh5 Qf6 19. Nxd5 Bxd5 20. Bc3 Rae8 21. f4
Bf7 22. Qxf5 Qh4 23. fxe5 Bxe5 24. Bxe5 Bd5 25. Bf6 Rxf6 26. Qxd5+ Kh8 27. Rxf6
Qxf6 28. c3 c4 29. Rf1 Qb6+ 30. Qd4 Qxb2 31. Nf5 Qb7 32. Nd6 Qe7 33. Nxe8 1-0